000 01398nam a2200301 a 4500
999 _c485020
_d485020
003 BLK
005 20250610151015.0
008 180411b bul|||||r ||||||| ||bul||
010 _aKNG00213522000
020 _a9789543208029
040 _aBLK
041 _aBUL
_cBUL
072 7 _2bullib
_aН84
_xБългарска художествена литература Н
080 _aБългарска литература
_b821.163.2
_x-84
_z821.163.2-84
100 _aПенков, Иван Георгиев
_eпърви автор
_9294082
139 _aПенков, Иван Георгиев
_bП 35
245 1 0 _aПоследната клечка кибрит
_bДневници, спомени, афоризми, есета
_cИван Пенков; състав Боян Пенков, Джони Пенков
257 _aBGR
260 _aСофия
_bРива
_c2022
_9209565
_n978-954-320- ; 954-8440-
300 _a335 с.
_c21 см
380 _aX
700 _aПенков, Боян Иванов
_eсъстав.
_9294083
700 _aПенков, Джони
_d1933 - 2021
_gРадиоинженер, звукорежисьор, актьор. Автор на проза.
_qПeнков, Георги Иванов
_9374300
856 4 _qpdf
_i0.00
_ldisable
856 4 _qpdf
_i0.00
_ldisable
942 _cKNG
_n0
_s1
_02
944 _c2022-12-07
_k30560
_lГеновева Генчева